Doing doctoral research at a distance : (Record no. 51845)

MARC details
000 -LEADER
fixed length control field 00706nam a2200241Ia 4500
005 - DATE AND TIME OF LATEST TRANSACTION
control field 20260429112013.0
008 - FIXED-LENGTH DATA ELEMENTS--GENERAL INFORMATION
fixed length control field 260429s9999||||xx |||||||||||||| ||und||
020 ## - INTERNATIONAL STANDARD BOOK NUMBER
International Standard Book Number 9781032368474
041 ## - LANGUAGE CODE
Language English
082 ## - DEWEY DECIMAL CLASSIFICATION NUMBER
Classification number 378.007
Item number MCC
100 ## - MAIN ENTRY--PERSONAL NAME
Personal name McChesney, Katrina
245 #0 - TITLE STATEMENT
Title Doing doctoral research at a distance :
Remainder of title flourishing in off-campus, hybrid, and remote pathways /
Statement of responsibility, etc Katrina McChesney
250 ## - EDITION STATEMENT
Edition statement 1st ed.
260 ## - PUBLICATION, DISTRIBUTION, ETC. (IMPRINT)
Place of publication, distribution, etc New Delhi :
Name of publisher, distributor, etc Routledge,
Date of publication, distribution, etc 2024.
300 ## - PHYSICAL DESCRIPTION
Extent x, 193 p.; pbk
650 ## - SUBJECT ADDED ENTRY--TOPICAL TERM
Topical term or geographic name as entry element Doctoral studies
650 ## - SUBJECT ADDED ENTRY--TOPICAL TERM
Topical term or geographic name as entry element Remote research
650 ## - SUBJECT ADDED ENTRY--TOPICAL TERM
Topical term or geographic name as entry element Distance education
700 ## - ADDED ENTRY--PERSONAL NAME
Personal name Burford, James
700 ## - ADDED ENTRY--PERSONAL NAME
Personal name Frick, Liezel
700 ## - ADDED ENTRY--PERSONAL NAME
Personal name Khoo, Tseen
942 ## - ADDED ENTRY ELEMENTS (KOHA)
Koha item type Text Books
Holdings
Withdrawn status Lost status Damaged status Not for loan Collection code Home library Location Shelving location Date of Cataloging Source of acquisition Total Checkouts Full call number Barcode Date last seen Price effective from Koha item type
        Non-fiction CUTN Central Library CUTN Central Library Social Sciences 29/04/2026 SansRack Publishing Solutions, Chennai - Invoice No. S131/25-26 on 11-02-2026   378.007 MCC 56884 29/04/2026 29/04/2026 Text Books